La universidad por hacer: perspectivas poshumanistas para tiempos de crisis

Zapisane w:
Opis bibliograficzny
1. autor: Castrillón López, Luis Alberto (Autor)
Format: Książka
Język:hiszpański
Wydane: Medellín Universidad Pontificia Bolivariana 2013
Wydanie:1a. ed
Hasła przedmiotowe:
Etykiety: Dodaj etykietę
Nie ma etykietki, Dołącz pierwszą etykiete!

MARC

LEADER 00000cam a2200000 a 4500
001 UCB0098
003 CL-VaPUC
005 20210303001337.0
008 191206e20130000ck spa d
020 |a 9789587640892 
082 0 4 |a 378.001  |b CAS  |2 21 
100 1 |a Castrillón López, Luis Alberto  |e author  |9 605408 
245 1 3 |a La universidad por hacer: perspectivas poshumanistas para tiempos de crisis 
250 |a 1a. ed 
260 |a Medellín  |b Universidad Pontificia Bolivariana  |c 2013 
300 |a 245 p 
583 |a last modification  |c 20191206 10:52:00  |k Rodrigo Vera 
650 0 0 |a Educación superior   |9 223851 
650 0 7 |a UNIVERSIDADES COLOMBIANAS  |2 CL-VaPUC  |9 471377 
650 0 0 |a Filosofía de la educación   |9 258384 
942 |c BK 
945 |a dcastane  |d 20191206 10:52:00 
999 |c 376320  |d 376318 
952 |0 0  |1 0  |3 erb  |4 0  |6 378_001000000000000_CAS_2013  |7 0  |8 A  |9 495697  |a BIBTEO  |b BIBTEO  |i 5607884  |o 378.001 CAS 2013  |p 5607884  |r 2025-01-17  |w 2020-01-06  |y BK  |z Catalogado en:20191206  |k ICR